Normal view
MARC view
- الشعر العربي - فلسطين - الاردن - تاريخ ونقد - القرن 20 -
Entry Topical Term
001 - CONTROL NUMBER
- control field: 24802
003 - CONTROL NUMBER IDENTIFIER
- control field: JO-AjAnu
005 - DATE AND TIME OF LATEST TRANSACTION
- control field: 20230606074239.0
008 - FIXED-LENGTH DATA ELEMENTS
- fixed length control field: 230606|| aca||aabn | a|a d
040 ## - CATALOGING SOURCE
- Original cataloging agency: JO-AjAnu
- Transcribing agency: JO-AjAnu
150 ## - HEADING--TOPICAL TERM
- Topical term or geographic name entry element: الشعر العربي - فلسطين - الاردن - تاريخ ونقد - القرن 20 -
670 ## - SOURCE DATA FOUND
- Source citation: Work cat.: (JO-AjAnu)12759: الأسد، ناصر الدين 1923, author 24801, الشعرالحديث في فلسطين والأردن = Contemporary Poetry In Palestine and Jordan